Keep calm and mommy on / (Record no. 167929)

MARC details
000 -LEADER
fixed length control field 00642nam a22001937a 4500
005 - DATE AND TIME OF LATEST TRANSACTION
control field 20190923160714.0
010 ## - LCCN (DPL NO)
LC control number B-730157
020 ## - INTERNATIONAL STANDARD BOOK NUMBER
Terms of availability 295.00
International Standard Book Number 9789383331826
035 ## - SYSTEM CONTROL NUMBER
System control number B-730157
037 ## - SOURCE OF ACQUISITION
Source of stock number/acquisition Duckbill Books
082 ## - DEWEY DECIMAL CLASSIFICATION NUMBER
Classification number 649.1
100 ## - MAIN ENTRY--PERSONAL NAME
Personal name Tanu Shree Singh
245 ## - TITLE STATEMENT
Title Keep calm and mommy on /
Statement of responsibility, etc by Tanu Shree Singh
260 ## - PUBLICATION, DISTRIBUTION, ETC. (IMPRINT)
Name of publisher, distributor, etc Duckbill Books
Place of publication, distribution, etc Chennai
Date of publication, distribution, etc 2017
270 ## - ADDRESS
City Chennai
Address F2, Oyster Operaa, 35/36 Gangai Street Kalakshetra Colony
Postal code 600090
300 ## - PHYSICAL DESCRIPTION
Extent 192p.:
Dimensions 20cm(pbk)
Other physical details ill.
942 ## - ADDED ENTRY ELEMENTS (KOHA)
Source of classification or shelving scheme Dewey Decimal Classification
Item type Children Books
Call number suffix TAN
Classification part 649.1
Holdings
Withdrawn status Lost status Not for loan Collection code Home library Current library Date acquired Source of acquisition Cost, normal purchase price Full call number Barcode Copy number Cost, replacement price Koha item type
      Non-fiction Ashok Vihar Ashok Vihar 23/09/2019 Gift /Eng /13.09.2019 295.00 649.1 TAN B-730157 1 295.00 Children Books

© Delhi Public Library
Hit Counter
free hit counter